| Tag |
First Indicator |
Second Indicator |
Subfields |
| LEADER |
00000cam a2200000 a 4500 |
| 001 |
in00001672575 |
| 005 |
20151024130156.0 |
| 007 |
he bmb024bbca |
| 008 |
020425s2002 dcu b f000 0 eng d |
| 035 |
|
|
|a (OCoLC)ocm49782327
|
| 040 |
|
|
|a GPO
|c GPO
|d DLC
|d MvI
|d UtOrBLW
|
| 049 |
|
|
|a UMIC
|
| 074 |
|
|
|a 0042-C (MF)
|
| 086 |
0 |
|
|a A 1.107:808
|
| 100 |
1 |
|
|a Shapouri, Hosein.
|
| 245 |
1 |
0 |
|a USDA's 1998 ethanol cost-of-production survey /
|c Hosein Shapouri, Paul Gallagher, Michael S. Graboski.
|
| 246 |
3 |
|
|a United States Department of Agriculture's 1998 ethanol cost-of-production survey
|
| 264 |
|
1 |
|a [Washington, DC] :
|b U.S. Dept. of Agriculture, Office of the Chief Economist, Office of Energy Policy and New Uses,
|c [2002]
|
| 300 |
|
|
|a iii, 8 pages ;
|c 28 cm.
|
| 336 |
|
|
|a text
|b txt
|2 rdacontent
|
| 337 |
|
|
|a microform
|b h
|2 rdamedia
|
| 338 |
|
|
|a microfiche
|b he
|2 rdacarrier
|
| 490 |
1 |
|
|a Agricultural economic report ;
|v no. 808
|
| 500 |
|
|
|a Cover title.
|
| 500 |
|
|
|a "January 2002"--P. [i].
|
| 500 |
|
|
|a Shipping list number: 2002-0256-M.
|
| 500 |
|
|
|a Shipping List Date: 04/19/2002
|
| 533 |
|
|
|a Microfiche.
|b [Washington, D.C.] :
|c Supt. of Docs., U.S. G.P.O.,
|d 2002
|e 1 microfiche : negative.
|
| 500 |
|
|
|a Microform.
|
| 650 |
|
0 |
|a Alcohol as fuel.
|
| 650 |
|
0 |
|a Gasohol.
|
| 700 |
1 |
|
|a Gallagher, Paul,
|d 1950-
|
| 700 |
1 |
|
|a Graboski, Michael S.
|
| 710 |
1 |
|
|a United States.
|b Department of Agriculture.
|b Office of Energy Policy and New Uses.
|
| 830 |
|
0 |
|a Agricultural economic report ;
|v no. 808.
|
| 856 |
4 |
0 |
|u http://www.usda.gov/oce/oepnu/aer-808.pdf
|t 0
|
| 999 |
|
|
|a MARS
|
| 999 |
f |
f |
|s 3b2b4198-b8fe-3a2b-bd96-c89bbbfe52cf
|i c15f0f53-92c0-3b27-8913-8778265728b9
|t 0
|
| 952 |
f |
f |
|a Texas A&M University
|b College Station
|c Electronic Resources
|d Available Online
|t 0
|e A 1.107:808
|h Superintendent of Documents classification
|
| 998 |
f |
f |
|a A 1.107:808
|t 0
|l Available Online
|